| 000 | 01485nam a22002417a 4500 | ||
|---|---|---|---|
| 999 |
_c60935 _d60935 |
||
| 003 | Ge_BSU | ||
| 005 | 20231124114115.0 | ||
| 008 | 231124s2022 ge ||||| |||| 00| 0 geo d | ||
| 020 | _a9789941488627 | ||
| 041 | _ageo | ||
| 080 | _a339.924(063)+338.22(063) ს-12 | ||
| 245 |
_aსაერთაშორისო სამეცნიერო კონფერენცია „ეკონომიკისა და ბიზნესის გლობალური გამოწვევები და მდგრადი განვითარება“ / _bაბსტრაქტების კრებული. _c |
||
| 264 |
_aბათუმი : _bბსუ, _c2022. |
||
| 300 |
_a202 გვ.: _b29 სმ. |
||
| 500 | _aპარალ. სათ. ინგლ. ენაზე | ||
| 504 | _aბიბლიოგრ. თავების ბოლოს | ||
| 653 | _aფინანსური ეკონომიკა | ||
| 653 | _aგლობალური ეკონომიკის თანმდევი პრობლემები | ||
| 653 | _aრეგიონული ეკონომიკის პრობლემები | ||
| 653 | _aტურიზმის ინდუსტრიის გამოწვევები | ||
| 653 | _aეკონომიკური პოლიტიკის აქტუალური მიმართულებები | ||
| 942 |
_2udc _cᲬᲘᲒᲜᲘ |
||